00716nam a2200229Ia 4500001000600000003000900006008004100015040001300056040001300069041001300082100002300095100002900118245005500147245008700202250001100289260001100300260001200311260004900323300005900372650002400431650003100455 9645IT-RoPAU130308s9999 xx 000 0 und d aIT-RoPAU cIT-RoPAU aITALIANO aCerofolini Novella gCodice Aut. SPICS: 8182 aVietnam come mitologia della stampa americana (Il) bMaterialita' del testo (La)-Ricerca interdisciplinare Sulle Pratiche Significanti a1a ed. aVERONA bBertani c1977 [1° Ed.:1977 - Ed.Ling.Originale:1977] a"13 p. (prefazione: no ; testo: 13 [pagine: 183-195])" aSAGGI DI SEMIOLOGIA eCodice materia Spics: 3257